<?xml version="1.0" encoding="UTF-8"?>
<record
    xmlns:xsi="http://www.w3.org/2001/XMLSchema-instance"
    xsi:schemaLocation="http://www.loc.gov/MARC21/slim http://www.loc.gov/standards/marcxml/schema/MARC21slim.xsd"
    xmlns="http://www.loc.gov/MARC21/slim">

  <leader>01286nam a22002897a 4500</leader>
  <controlfield tag="003">dpl</controlfield>
  <controlfield tag="005">20180716105842.0</controlfield>
  <controlfield tag="008">180716b        xxu||||| |||| 00| 0 eng d</controlfield>
  <datafield tag="010" ind1=" " ind2=" ">
    <subfield code="a">A-959895</subfield>
  </datafield>
  <datafield tag="020" ind1=" " ind2=" ">
    <subfield code="c">150.00</subfield>
    <subfield code="a">8186311734</subfield>
  </datafield>
  <datafield tag="035" ind1=" " ind2=" ">
    <subfield code="a">A-959895, A-959908</subfield>
  </datafield>
  <datafield tag="037" ind1=" " ind2=" ">
    <subfield code="b">Cen Lib/Ret</subfield>
  </datafield>
  <datafield tag="040" ind1=" " ind2=" ">
    <subfield code="a">DPL</subfield>
    <subfield code="b">HN</subfield>
    <subfield code="c">0</subfield>
  </datafield>
  <datafield tag="082" ind1=" " ind2=" ">
    <subfield code="a">&#x915; </subfield>
    <subfield code="b">&#x91A;&#x947;&#x916;&#x935;</subfield>
  </datafield>
  <datafield tag="100" ind1=" " ind2=" ">
    <subfield code="a">&#x91A;&#x947;&#x916;&#x935;, &#x905;&#x928;&#x94D;&#x924;&#x94B;&#x928;</subfield>
    <subfield code="9">104940</subfield>
  </datafield>
  <datafield tag="245" ind1=" " ind2=" ">
    <subfield code="a">&#x921;&#x949;&#x915;&#x94D;&#x91F;&#x930; &#x924;&#x925;&#x93E; &#x905;&#x928;&#x94D;&#x92F; &#x915;&#x939;&#x93E;&#x928;&#x93F;&#x92F;&#x93E;&#x902; /</subfield>
    <subfield code="c">&#x905;&#x928;&#x94D;&#x924;&#x94B;&#x928;  &#x91A;&#x947;&#x916;&#x935;;&#x905;&#x928;&#x941;&#x935;&#x93E;&#x926;&#x915; &#x92F;&#x94B;&#x917;&#x947;&#x936; &#x92D;&#x91F;&#x928;&#x93E;&#x917;&#x930; </subfield>
  </datafield>
  <datafield tag="246" ind1=" " ind2=" ">
    <subfield code="a">Doctor tatha anya kahaniyan /</subfield>
    <subfield code="b">by Anton Chekhav; anuvadak Yogesh Bhatnagar </subfield>
  </datafield>
  <datafield tag="260" ind1=" " ind2=" ">
    <subfield code="a">&#x928;&#x908; &#x926;&#x93F;&#x932;&#x94D;&#x932;&#x940; </subfield>
    <subfield code="b">&#x92A;&#x94D;&#x930;&#x915;&#x93E;&#x936;&#x928; &#x938;&#x902;&#x938;&#x94D;&#x925;&#x93E;&#x928;</subfield>
    <subfield code="c">1999</subfield>
  </datafield>
  <datafield tag="270" ind1=" " ind2=" ">
    <subfield code="a">4715/2, &#x926;&#x92F;&#x93E;&#x928;&#x902;&#x926; &#x92E;&#x93E;&#x930;&#x94D;&#x917;, &#x926;&#x930;&#x93F;&#x92F;&#x93E;&#x917;&#x902;&#x91C; </subfield>
    <subfield code="b">&#x928;&#x908; &#x926;&#x93F;&#x932;&#x94D;&#x932;&#x940; </subfield>
    <subfield code="e">110002</subfield>
  </datafield>
  <datafield tag="300" ind1=" " ind2=" ">
    <subfield code="a">171&#x92A;&#x943;.</subfield>
    <subfield code="c">21&#x938;&#x947;&#x92E;&#x940; (&#x938;&#x91C;&#x93F;&#x932;&#x94D;&#x926; ) </subfield>
  </datafield>
  <datafield tag="650" ind1=" " ind2=" ">
    <subfield code="a">&#x938;&#x93E;&#x939;&#x93F;&#x924;&#x94D;&#x92F;--&#x915;&#x939;&#x93E;&#x928;&#x93F;&#x92F;&#x93E;&#x902; </subfield>
    <subfield code="x"> </subfield>
    <subfield code="z"> </subfield>
    <subfield code="9">104941</subfield>
  </datafield>
  <datafield tag="650" ind1=" " ind2=" ">
    <subfield code="a">&#x939;&#x93F;&#x902;&#x926;&#x940; &#x915;&#x939;&#x93E;&#x928;&#x93F;&#x92F;&#x93E;&#x902; </subfield>
    <subfield code="v"> </subfield>
    <subfield code="9">43306</subfield>
  </datafield>
  <datafield tag="650" ind1=" " ind2=" ">
    <subfield code="a">Literature--Stories</subfield>
    <subfield code="9">104942</subfield>
  </datafield>
  <datafield tag="650" ind1=" " ind2=" ">
    <subfield code="a">Hindi Stories</subfield>
    <subfield code="9">104943</subfield>
  </datafield>
  <datafield tag="700" ind1=" " ind2=" ">
    <subfield code="a">&#x92D;&#x91F;&#x928;&#x93E;&#x917;&#x930;, &#x92F;&#x94B;&#x917;&#x947;&#x936;</subfield>
    <subfield code="9">104944</subfield>
  </datafield>
  <datafield tag="942" ind1=" " ind2=" ">
    <subfield code="2">ddc</subfield>
    <subfield code="c">HN</subfield>
    <subfield code="h">&#x915; </subfield>
    <subfield code="m">&#x91A;&#x947;&#x916;&#x935;</subfield>
  </datafield>
  <datafield tag="999" ind1=" " ind2=" ">
    <subfield code="c">117580</subfield>
    <subfield code="d">117580</subfield>
  </datafield>
  <datafield tag="952" ind1=" " ind2=" ">
    <subfield code="0">0</subfield>
    <subfield code="1">0</subfield>
    <subfield code="4">0</subfield>
    <subfield code="7">0</subfield>
    <subfield code="a">L</subfield>
    <subfield code="b">L</subfield>
    <subfield code="d">2015-09-07</subfield>
    <subfield code="e">Cen Lib/Ret</subfield>
    <subfield code="g">150.00</subfield>
    <subfield code="l">0</subfield>
    <subfield code="o">&#x915;  &#x91A;&#x947;&#x916;&#x935;</subfield>
    <subfield code="p">A-959895</subfield>
    <subfield code="r">2015-09-07 00:00:00</subfield>
    <subfield code="t">1</subfield>
    <subfield code="v">150.00</subfield>
    <subfield code="w">2015-09-07</subfield>
    <subfield code="y">HN</subfield>
  </datafield>
  <datafield tag="952" ind1=" " ind2=" ">
    <subfield code="0">0</subfield>
    <subfield code="1">0</subfield>
    <subfield code="2">ddc</subfield>
    <subfield code="4">0</subfield>
    <subfield code="7">0</subfield>
    <subfield code="8">FIC</subfield>
    <subfield code="a">BL4</subfield>
    <subfield code="b">BL4</subfield>
    <subfield code="d">2018-07-16</subfield>
    <subfield code="e">BPPD/PUB</subfield>
    <subfield code="g">150.00</subfield>
    <subfield code="l">1</subfield>
    <subfield code="o">&#x915;  &#x91A;&#x947;&#x916;&#x935;</subfield>
    <subfield code="p">A-959908</subfield>
    <subfield code="r">2019-02-25 00:00:00</subfield>
    <subfield code="s">2019-02-11</subfield>
    <subfield code="v">150.00</subfield>
    <subfield code="w">2018-07-16</subfield>
    <subfield code="y">HN</subfield>
  </datafield>
</record>
